|
|
|
|
| LEADER |
00602nam a2200157Ia 4500 |
| 001 |
14250 |
| 008 |
170722s9999 xx 000 0 und d |
| 100 |
|
|
|a Lippman, Steven A.
|
| 245 |
|
|
|a Elements of probability and statistics /
|
| 260 |
|
|
|c 1971.
|
| 490 |
|
|
|a International series in decision processes^Ingram Olkin^Series in quantitative methods for decision making^Robert L Winkler
|
| 653 |
|
|
|a Mathematics
|
| 653 |
|
|
|a Probability
|
| 942 |
|
|
|c GEN
|
| 999 |
|
|
|c 85519
|d 85519
|
| 952 |
|
|
|0 0
|1 0
|4 0
|6 B_281_000000000000000_L12
|7 0
|9 119761
|a LIB
|b LIB
|d 2013-03-25
|l 2
|o B281 L12
|p 150166
|r 2019-01-11
|s 2018-12-13
|w 2017-08-12
|y GEN
|